| 000 | 00750nam a22002057a 4500 | ||
|---|---|---|---|
| 999 |
_c18862 _d18862 |
||
| 003 | AR-CdUCM | ||
| 008 | 190515b ||||| |||| 00| 0 spa d | ||
| 040 |
_aMUNICIPALIDAD PROVINCIAL DEL CUSCO _cBIBLIOTECA MUNICIPAL DEL CUSCO |
||
| 082 |
_a636.5 / _bS13 |
||
| 100 |
_aSchopflocher, Roberto _939737 |
||
| 245 |
_aAvicultura lucrativa : _bCría de gallinas, patos, pavos y gansos / |
||
| 260 |
_aBuenos Aires : _bAlbatros, _c1974. |
||
| 300 |
_a417 páginas ; _c23 cm. _bIlustraciones, |
||
| 505 | _aContenido : La avicultura como empresa lucrativa -- La población del gallinero -- Genética avicula ... | ||
| 650 |
_aAvicultura _920280 |
||
| 650 |
_aCrianza _939738 |
||
| 650 |
_aPollos _939739 |
||
| 942 |
_2ddc _cLIBROS |
||
| 945 |
_arah _d2019/05/15 |
||